|
|
|
|
| LEADER |
00937nam a2200229 a 4500 |
| 001 |
3636808 |
| 008 |
100114s1971 nyu b 001 0 eng d |
| 010 |
|
|
|a 75141900
|
| 020 |
|
|
|a 0030846986
|
| 040 |
|
|
|a DLC
|c DLC
|d DLC
|d BD-DhAAL
|
| 082 |
0 |
0 |
|a 361.2/0973
|2 19
|
| 100 |
1 |
|
|a Carkhuff, Robert R.
|
| 245 |
1 |
4 |
|a The development of human resources :
|b education, psychology, and social change /
|c [by] Robert R. Carkhuff.
|
| 260 |
|
|
|a New York :
|b Holt, Rinehart and Winston,
|c 1971
|
| 300 |
|
|
|a xviii, 422 p. ;
|c 25 cm.
|
| 504 |
|
|
|a Includes bibliographical references.
|
| 541 |
1 |
|
|e 00001335
|
| 651 |
|
0 |
|a United States
|x Social conditions
|y 1960-1980.
|
| 650 |
|
0 |
|a Social action
|z United States
|x Case studies.
|
| 852 |
4 |
|
|a Ayesha Abed Library
|j General Shelf.
|
| 999 |
|
|
|c 7001
|d 7001
|
| 952 |
|
|
|0 0
|1 0
|2 ddc
|4 0
|6 361_209730000000000_CAR_1971
|7 0
|9 7256
|a BRACUL
|b BRACUL
|c GEN
|d 2010-01-17
|g 862.50
|l 0
|o 361.20973 CAR
|p 3010001335
|r 2010-01-17
|t 1
|w 2010-01-17
|y BK
|